000 00727nam a2200253 a 4500
999 _c1422
_d1422
007 ta
008 200101r20092010ii a|||g |||| 001 0 eng d
020 _a9780070087989
_cRs. 450.00
040 _aKO
_beng
041 0 _aeng
044 _aii
082 0 4 _223
_a671
_bR1801
100 1 _aRao, P. N.
245 1 0 _aManufacturing technology, Vol. 1 :
_bfoundry, forming and welding /
_cP. N. Rao
250 _a3rd ed.
260 _aNew Delhi :
_bTata McGraw Hill Education Private Limited ,
_c2009, reprinted 2010.
300 _axii, 502 p. :
_bill. ;
_c24 cm
504 _aIncludes Index.
650 0 _aManufacturing processes
_vTextbooks
650 0 _aMetal-work
_vTextbooks
904 _aA_BOSE
942 _cBK